000 01107nac a22003377a 4500
001 BR0501546
003 BR-BrBNA
005 20240105123114.0
008 230509b bl.|||m| |||| 00| 0 por d
040 _aBR-BrBNA
_bpor
_cBiblioteca Nacional de Agricultura
072 _aH20
090 _a1720 BR0501546
100 1 _aBecker, W.F.
110 1 _aEmpresa de Pesquisa Agropecuária e Extensão Rural de Santa Catarina S.A., Florianópolis (Brasil)
245 1 _aDoenças do alho: sintomatologia e controle
260 3 _aFlorianópolis, SC (Brasil):
_c2004.
300 _a53 p.
490 _aBoletim Técnico - Empresa de Pesquisa Agropecuária e Extensão Rural de Santa Catarina, S.A. (Brazil)
_vno. 126
_xISSN 0100-7416
500 _a13 illus.; Bibliography p. 42-50
650 _aALHO
650 _aFUNGO
650 _aBACTÉRIA
650 _aVÍRUS
650 _aNEMATÓIDE
650 _aSINTOMA
650 _aTRANSMISSÃO DE DOENÇA
650 _aCONDIÇÃO AMBIENTAL
650 _aCONTROLE QUÍMICO
909 _a202312
_bLúcia Elande
_c55
_dLúcia Elande
942 _2AGRIS
_n0
_cMS
999 _c294014
_d294014